00592nam a2200169 a 450000100100000000500170001000800410002702000150006804000250008308200150010810000290012324500650015226000420021730000330025995201130029299900170040500004456820201002045452.0140717s1988 ht ac 000 0 spa d a0070460299 aDO-SdBNPbspacBNPHU axxxxbxxxx1 aAbbott, Elizabeth97259110aHaiti :bthe duvaliers and their legacy /cElizabeth Abbott. aEstados Unidos :bMcGraw-Hill,c1988. axii, 381 p. :bil. ;c24 cm. 001050718MOaGRbGRcCTd2014-07-17iLF1l0oxxxx xxxxp44568-10r2020-06-25w2020-06-25y1ZNo se presta c44057d44057